Logo BPK

Biblioteka

Politechniki Koszalińskiej

Organizacja procesu budowy obiektu przemysłowego przy zastosowaniu M(etody) D(ecydujących) C(iągów czynności) / (Rekord nr 27138)

Szczegóły MARC
000 -ETYKIETA REKORDU
podpole kontrolne o stałej długości 00455nam a2200145 i 4500
001 - NUMER KONTROLNY REKORDU
pole kontrolne bg
040 ## - ŹRÓDŁO KATALOGOWANIA
Instytucja, która utworzyła rekord BPK
041 ## - KOD JĘZYKA
Kod języka tekstu pol
008 - POLE O STAŁEJ DŁUGOŚCI - DANE KONTROLNE
podpole kontrolne o stałej długości s pl f |000 0 pol
100 1# - NAZWA OSOBOWA
Nazwa osobowa STANISZKIS, Witold
245 #0 - TYTUŁ/ODPOWIEDZIALNOŚĆ
Tytuł Organizacja procesu budowy obiektu przemysłowego przy zastosowaniu M(etody) D(ecydujących) C(iągów czynności) /
Pozostałe elementy strefy tytułu i oznaczenia odpowiedzialności Witold Staniszkis, Dionizy Cieślak.
260 ## - STREFA ADRESU WYDAWNICZEGO
Miejsce wydania Warszawa,
Data publikacji, dystrybucji/powstania dokumentu 1967.
700 1# - HASŁO DODATKOWE - NAZWA OSOBOWA
Nazwa osobowa CIEŚLAK, Dionizy
856 ## - LOKALIZACJA I DOSTĘP DO ELEKTRONICZNYCH DOKUMENTÓW ZDALNYCH
Link (URL) http://koha.tu.koszalin.pl/cgi-bin/koha/opac-detail.pl?biblionumber=27138
Tekst linku Katalog online BPK
942 ## - DODATKOWE ELEMENTY (KOHA)
Typ dokumentu Książka
Egzemplarze
Wycofany Status egzemplarza Uszkodzony Dostępność Lokalizacja stała Lokalizacja bieżąca Miejsce przechowywania Sygnatura Kod kreskowy Typ dokumentu
      Dostępny Biblioteka Politechniki Koszalińskiej Biblioteka Politechniki Koszalińskiej Wypożyczalnia BG 18953 01701678 Książka
      Dostępny Biblioteka Politechniki Koszalińskiej Biblioteka Politechniki Koszalińskiej Wypożyczalnia BG 18954 01701685 Książka
© 2023 Biblioteka Politechniki Koszalińskiej :: KOHA